| 000 | 00451nam a2200145Ia 4500 | ||
|---|---|---|---|
| 008 | 230917s9999||||xx |||||||||||||| ||und|| | ||
| 040 |
_e171387 _aMAIN |
||
| 041 | _aEnglish | ||
| 082 | _a891.431721 SM83S | ||
| 100 | _aसिसौदिया, मलखान सिंह | ||
| 245 | 0 | _aसूली और शान्ती | |
| 260 |
_aमथुरा _bराज्यश्री प्रकाशन _c1967 |
||
| 300 | _a294 p. | ||
| 942 | _cHN | ||
| 999 |
_c40466 _d40466 |
||